Basket 1# - Statistiques

Statistiques générales
  • Ce quiz a été pris 72 fois
  • Le résultat moyen est 8 sur 12
Statistiques - réponses
Par images Réponse % Correct
Lebron James
97%
Jayson Tatum
84%
Kobe Bryant
79%
Stephen Curry
79%
Kyrie Irving
78%
Shaquille O’Neal
78%
Victor Wembanyama
73%
Michael Jordan
71%
Austin Reaves
68%
Larry Bird
67%
Giannis antetokoumpo
52%
Richard Hamilton
19%
Aucun quiz correspondant
Distribution des résultats
% des personnes avec chaque résultat
Percentile par nombre de réponses
Votre historique - résultats
Vous n’avez pas pris ce quiz